01920nam a2200433 i 450000100060000000300080000600500170001400600190003100700150005000800410006502000280010602000180013403500220015204000310017405000220020508000080022708200160023510000530025124500870030425000290039126400990042030000740051933600310059333700330062433800430065749000190070050400420071950502640076158800830102565000390110865000240114765000380117165000660120965000340127565000670130965500270137683000200140385600630142364894FlNmELB20241217142600.0m o d | cr cnu||||||||210625s2012 ck a fob 000 0 spa d a9789587617849q(e-book) z9789587610338 a(OCoLC)1261028878 aFINmELBbspaerdacFINmELB 4aQA372b.O867 2012 a62404a515.3552211 aOsorio Londoño, Gustavo Adolfo,d1975-eautor.10aAnálisis dinámico de sistemas con impactos /cGustavo Adolfo Osorio Londoño. aPrimera edición, 2012. 1aManizales :bUniversidad Nacional de Colombia. Facultad de Ingeniería y Arquitectura,c2012. a1 recurso en línea (v, 109 páginas) :bilustraciones, diagrsamas, atextobtxt2rdacontent/spa acomputadorabc2rdamedia/spa arecurso en líneabcr2rdacarrier/spa1 aLibro de texto aIncluye referencias bibliográficas.0 aSistemas dinámicos -- Análisis numérico de sistemas dinámicos -- Sistemas con impactos -- Bifurcaciones por impactos con esquinas -- Dinámica compleja en el sistema leva-seguidor -- Bifurcaciones por impacto con esquinas en el sistema leva-seguidor. aDescripción basada en metadatos suministrados por el editor y otras fuentes. 0aDifferential equations, Nonlinear. 0aBifurcation theory. 0aDifferentiable dynamical systems. 4aEcuaciones diferenciales no linealesxSoluciones numéricas. 4aTeoría de la bifurcación. 4aSistemas dinámicos diferencialesxMétodos de simulación. 4aLibros electrónicos. 0aLibro de texto.40uhttps://elibro.net/ereader/politecnicointernacional/127949